Statistics for Top 15 Countries with Covid-19 Cases - 25 June

Click here to take the quiz!

General Stats

  • This quiz has been taken 21 times
  • The average score is 13 of 26

Answer Stats

country% Correct
Italy
100%
United States
100%
Brazil
90%
United Kingdom
90%
Germany
85%
Mexico
80%
Spain
80%
Russia
75%
India
70%
Iran
55%
Pakistan
55%
Belgium
45%
Turkey
45%
Chile
40%
Chile
40%
Sweden
40%
Peru
35%
Saudi Arabia
35%
Kuwait
25%
Oman
25%
Qatar
25%
Bahrain
20%
Panama
20%
Belarus
15%
Armenia
10%
Singapore
10%

Score Distribution

Percentile by Number Answered

Percent of People with Each Score

Your Score History

You have not taken this quiz